Ethel Cain: Complete Discography - Statistics

General Stats
  • This quiz has been taken 46 times
  • The average score is 37 of 72
Answer Stats
Album Song % Correct
Preacher's Daughter A House In Nebraska
83%
Willoughby Tucker, I'll Always Love You Dust Bowl
83%
Preacher's Daughter Family Tree
83%
Willoughby Tucker, I'll Always Love You Nettles
83%
Preacher's Daughter American Teenager
80%
Preacher's Daughter Gibson Girl
80%
Preacher's Daughter Strangers
80%
Preacher's Daughter Sun Bleached Flies
80%
Inbred Crush
78%
Inbred Inbred
78%
Willoughby Tucker, I'll Always Love You Janie
78%
Preacher's Daughter Televangelism
78%
Willoughby Tucker, I'll Always Love You Waco, Texas
78%
Preacher's Daughter Western Nights
78%
Willoughby Tucker, I'll Always Love You Fuck Me Eyes
75%
Preacher's Daughter Hard Times
75%
Carpet Bed Misuse Oh
75%
Willoughby Tucker, I'll Always Love You Tempest
75%
Preacher's Daughter August Underground
73%
Golden Age Golden Age
73%
Golden Age Knuckle Velvet
73%
Perverts Perverts
73%
Preacher's Daughter Ptolemaea
73%
Willoughby Tucker, I'll Always Love You Radio Towers
73%
Preacher's Daughter Thoroughfare
73%
Willoughby Tucker, I'll Always Love You Willoughby's Interlude
73%
Willoughby Tucker, I'll Always Love You Willoughby's Theme
73%
Golden Age Lillies
70%
Golden Age Sunday Morning
70%
Golden Age Casings
68%
Inbred Michelle Pfeiffer
68%
Inbred Two-Headed Mother
68%
Carpet Bed Antlers
65%
Carpet Bed Dog Days
65%
Perverts Punish
65%
Willoughby Tucker, I'll Always Love You A Knock At The Door
63%
Inbred God's Country
63%
Golden Age Head In The Wall
63%
Perverts Pulldrone
60%
Perverts Vacillator
60%
Perverts Amber Waves
58%
Perverts Onanist
58%
Inbred Unpunishable
58%
Carpet Bed Growing Pains
55%
Perverts Thatorchia
55%
Perverts Etienne
50%
Perverts Houseofpsychoticwomn
50%
Inbred Crying During Sex
43%
Singles Famous Last Words / An Ode To Eaters
38%
Inbred Earnhardt
28%
Inbred Age Of Delilah
25%
Unreleased Powerline Valley
25%
Golden Age Selby Wall
23%
Golden Age Child Of Cain
18%
Unreleased Doe Hunting
18%
Unreleased Verona
18%
Unreleased Chapel Hill
15%
Unreleased Death Rattle
15%
Unreleased Highway Horses
15%
Unreleased Room 209
15%
Unreleased Starvation
15%
Unreleased Vultures
15%
Unreleased II 8 Hour Days
13%
Unreleased II Arsony
13%
Unreleased II Casey
13%
Unreleased II Churchyard
13%
Unreleased II Eden
13%
Unreleased II Antebellum
10%
Unreleased II Hospital Beds II
10%
Unreleased II Plague
10%
Unreleased II The Epitaph
10%
Unreleased II Virginity
10%
No matching quizzes found
Score Distribution
Percent of People with Each Score
Percentile by Number Answered
Your Score History
You have not taken this quiz